|
|
|
|
| LEADER |
00000nam0a2200000 4500 |
| 001 |
288318 |
| 005 |
20231102000057.0 |
| 035 |
|
|
|a (RuTPU)RU\TPU\book\312781
|
| 090 |
|
|
|a 288318
|
| 100 |
|
|
|a 20150324d1985 m y0rusy50 ca
|
| 101 |
0 |
|
|a rus
|
| 102 |
|
|
|a LV
|
| 105 |
|
|
|a a f 001zy
|
| 200 |
1 |
|
|a Советская Латвия
|f под ред. П. П. Ерана
|
| 210 |
|
|
|a Рига
|c Главная редакция энциклопедий
|d 1985
|
| 215 |
|
|
|a 816 с.
|c ил.
|
| 225 |
1 |
|
|a Латвийская советская энциклопедия
|
| 320 |
|
|
|a Имен. указ.: с. 809-810
|
| 606 |
1 |
|
|a Энциклопедии
|2 stltpush
|3 (RuTPU)RU\TPU\subj\21381
|9 46387
|
| 610 |
1 |
|
|a политика
|
| 610 |
1 |
|
|a экономика
|
| 610 |
1 |
|
|a история
|
| 610 |
1 |
|
|a национальная культура
|
| 610 |
1 |
|
|a 20 век
|
| 610 |
1 |
|
|a Латвийская ССР
|
| 610 |
1 |
|
|a природа
|
| 610 |
1 |
|
|a природные ресурсы
|
| 610 |
1 |
|
|a население
|
| 610 |
1 |
|
|a Коммунистическая партия
|
| 610 |
1 |
|
|a общественные организации
|
| 610 |
1 |
|
|a народное хозяйство
|
| 610 |
1 |
|
|a строительство
|
| 610 |
1 |
|
|a наука
|
| 610 |
1 |
|
|a культура
|
| 610 |
1 |
|
|a литература
|
| 610 |
1 |
|
|a искусство
|
| 610 |
1 |
|
|a религия
|
| 610 |
1 |
|
|a церковь
|
| 610 |
1 |
|
|a энциклопедии
|
| 686 |
|
|
|a Я20
|v LBC/SL-A
|2 rubbk
|
| 702 |
|
1 |
|a Еран
|b П. П.
|g Петр Петрович
|4 340
|
| 801 |
|
1 |
|a RU
|b 63413507
|c 20150324
|
| 801 |
|
2 |
|a RU
|b 63413507
|c 20180205
|g RCR
|
| 942 |
|
|
|c BK
|